Open Data Biblioteca Nacional de Portugal


República Portuguesa: Ministério da Cultura
Biblioteca Nacional de Portugal

Catálogo da BNP: acesso por Identificadores Unívocos
Registos Bibliográficos associados ao registo de autoridade

Etiqueta de registo: 00754cam 2200181 450
001 637589
003 http://id.bnportugal.gov.pt/bib/catbnp/637589
005 19990105000000.0
095 ## $aPTBN00849217
100 ## $a19970107d1826 m y0pory0103 ba
101 0# $apor
102 ## $aPT
200 0# $aCommentario da resposta que em 12 de Novembro d'este anno 1826, o Sr. Antonio Gomes Loureiro, deu a um folheto impresso em Londres a 12 de Maio 1825$fTimotheo Lecussan-Verdier
210 #9 $aLisboa$cImp. de Eugenio Augusto,$d1826
215 ## $a46, [1] p.$d18 cm
500 10 $aComentário da resposta que em 12 de Novembro d'este ano 1826, o Sr. António Gomes Loureiro, deu a um folheto impresso em Londres a 12 de Maio 1825
700 #1 $aVerdier,$bTimóteo Lecussan,$f1752-1831$357459
801 #0 $aPT$bBN$gRPC
966 ## $lBN$mFGMON$sS.C. 12793//6 P.
997 ## $aBIBEOD

Etiqueta de registo: 01471cam 02200325 04500
001 329709
003 http://id.bnportugal.gov.pt/bib/catbnp/329709
005 20021024175500.0
095 ## $aPTBN00346297
100 ## $a19910916d1825 m y0pory0103 ba
101 0# $afre$apor
102 ## $aFR
200 1# $aVersion portugaise de l'ode a Camoens$fde M. Raynouard...avec des notes, etc. du traducteur
210 #9 $aA Paris$cde l'Imprimerie de H. Fournier,$d1825
215 ## $a59 p.$d19 cm
307 ## $aAté p. 25 contém a versão portuguesa frente ao texto francês; da p. 27 a 59 a versão portuguesa interlinhada da versão latina em frente da trad. em prosa e em francês, c. várias notas
700 #1 $aRaynouard,$bFrançois Juste Marie,$f1761-1836$357456
702 #1 $aGordo,$bJoaquim José Ferreira,$f1758-1838$4390$3101870
702 #1 $aVerdier,$bTimóteo Lecussan,$f1752-1831$357459
801 #0 $aPT$bBN$gRPC
856 40 $uhttps://purl.pt/45077
856 41 $uhttps://purl.pt/45077/service/media/cover/low
856 49 $uhttps://purl.pt/45077/service/media/pdf$qapplication/pdf
958 ## $aBND$bLivre$cDigitalizado$d1$ehttps://purl.pt/45077/service/media/cover/max
966 ## $lBN$mFGMON$sTR. 5999//3 P. $x0
966 ## $lBN$mRESIMP$sCAM. 392//2 P.
966 ## $lBN$mRESIMP$nCota antiga N, 83$sCAM. 393//1 P.
966 ## $lBN$mRESIMP$pLeilão Silva's, de Abril/2001$sCAM. 1880 V.$x2
995 ## $aCAM500 $d20240529$idfontes
995 ## $aPRR2024 $d20240625$idfontes

Etiqueta de registo: 01996cam 02200409 04500
001 329034
003 http://id.bnportugal.gov.pt/bib/catbnp/329034
005 20020604115200.0
095 ## $aPTBN00345604
100 ## $a19910909d1825 m y0pory0103 ba
101 1# $apor$cfre
102 ## $aPT
105 ## $ay z 000yy
106 ## $ar
200 1# $aCamões$fode do Cavalheiro Raynouard...$gtraduzida em verso portuguez por Francisco Manoel (Filinto Elísio), Vicente Pedro Nolasco, F. L. Verdier$gcorrecta e annotada, dedicada a ... D. João VI ... pelo fiel vassallo Heleodoro Jacinto d'Araujo Carneiro
210 #9 $aLisboa$cna Impressão Regia,$d1825
215 ## $a[4], IV, [1] ,52, [1] p.$d4º (21 cm)
321 1# $aInocêncio XIV 299
327 1# $aAté p. 22, trad. de Filinto Elísio frente ao texto francês e respectivas notas; nas p. 23-38, a trad. de Nolasco; nas p.39-52, a trad. de Verdier também anotadas
700 #1 $aRaynouard,$bFrançois Juste Marie,$f1761-1836$357456
702 #1 $aElísio,$bFilinto,$cpseud.$4730$3872130
702 #1 $aCunha,$bVicente Pedro Nolasco da,$f1771-1844$4730$3130076
702 #1 $aVerdier,$bTimóteo Lecussan,$f1752-1831$4730$357459
702 #1 $aCarneiro,$bHeliodoro Jacinto de Araújo,$f1776-1849$4212$357460
801 #0 $aPT$bBN$gRPC
856 40 $2Cópia digital disponível em HathiTrust$uhttps://hdl.handle.net/2027/loc.ark:/13960/t8jd6660j?urlappend=%3Bseq=5
856 40 $uhttps://purl.pt/44458
856 41 $uhttps://purl.pt/44458/service/media/cover/low
856 49 $uhttps://purl.pt/44458/service/media/pdf$qapplication/pdf
958 ## $aBND$bLivre$cDigitalizado$d1$ehttps://purl.pt/44458/service/media/cover/max
966 ## $lBN$mRESIMP$nCota antiga N, 65$sCAM. 379 P.
966 ## $lBN$mRESIMP$sCAM. 393//2 P.
966 ## $lBN$mRESIMP$sCAM. 1476 V.$x2
966 ## $lBN$mRESIMP$pLeilão Silva's, de Abril/2001$sCAM. 1881 V.$x2
976 ## $d20220915$rpmesqui
995 ## $aCAM500 $d20240529$idfontes
995 ## $aPRR2024 $d20240625$idfontes

Etiqueta de registo: 00254nbm 2200025 450
001 2022513
003 http://id.bnportugal.gov.pt/bib/catbnp/2022513
100 ## $a20190523j17991802k y0pory01030103ba
101 0# $apor
102 ## $aPT
105 ## $ay z 000yy
106 ## $ah
200 1# $a [ Cartas e outros documentos dirigidos a Rodrigo de Sousa Coutinho sobre a fábrica de tecidos de Tomar]$bManuscrito]
210 #1 $d1799-1802
215 ## $aF. [67-81]$d34 cm
300 ## $aOriginais autógrafos assinados e cópias
307 ## $aPapel fragilizado e dobrado, com prejuízo da leitura (f. [75-76])
317 ## $aMarca invertida do rótulo: "Erario Regio" (f. [81 v.-82])
317 ## $aComprado no leilão da livraria dos Condes de Linhares
321 1# $aSobre os assuntos abordados nos documentos cfr.: Guerreiro, Alberto - Museologia alcobacense: antecedentes, pioneirismo e anomia. Leiria. Cadernos de Estudos Leirienses. N. 4 (Maio 2015), p. 105-120
321 1# $aCfr. também : Guimarães, Manuel da Silva - História de uma fábrica : a Real Fábrica de Fiação de Thomar. Santarém : Junta Distrital, 1976
321 1# $aSobre a proveniência cfr.: Catálogo da... livraria dos... condes de Linhares que será vendida em leilão.... - Lisboa : Imp. de Libanio da Silva, 1895. P. 197, lote 99
321 1# $aDescrição em: Inventario. Secção XIII - Manuscriptos / [José António Moniz]. - Lisboa : BN, 1896
327 11 $aCarta do sócio proprietário Timotheo Lecussan Verdier para Rodrigo de Sousa Coutinho sobre as dificuldades financeiras da fábrica de tecidos de Tomar acrescidas pelo projecto de construção de uma nova fábrica de papel na próximidade, que segundo o autor, terá interferência no abastecimento de água e mão-de-obra, redigida em Tomar a 19 de Julho de 1799 (f. [67-68])$aCarta do mesmo para a firma Guillot, Carvalho & C.ª em resposta a informação solicitada, em 17 e 24 do mesmo mês, sobre "os preços conrespondentes aos numeros que pedem, para os poderem combinar com os Inglezes" referindo, entre outros assuntos, a concorrência de Inglaterra, datada em Tomar a 28 de Janeiro de 1801 (f. [69])$a"Mappa em rezumo das Manufacturas fabricadas por Guillot, Carvalho & Comp.ª Senhorios da Real Fábrica de Lençaria, estabelecida por S[ua] Mag[esta]de na Villa d'Alcobaça; a qual lhes foi vendida em consequencia do Alvará de 6 de Julho de 1792 athe o fim de 8bro de 1800." (f. [70-71])$aCarta da firma Guillot, Carvalho & Comp.ª para Timotheo Lecussan Verdier solicitando informação (disponibilizada na segunda carta), disponibilizando listas de preços e propondo parcerias, datada em Tomar a 17 de Janeiro de 1801 (f. [72-73])$a"Lista dos preços por maço de [...] algod[a]m fiado na fabrica de Thomar" de 1801 (f. [74])$aCarta de Timotheo Lecussan Verdier para Rodrigo de Sousa Coutinho "sobre a introdução livre do fio de Algodão de Inglaterra, e sobre o prejuizo que à Industria Nacional se segue de semelhante importação." (f. [75-78])$aCarta de Timotheo Lecussan Verdier para Rodrigo de Sousa Coutinho com a "lista das fábricas de fiação de trama d'algodão, que acabarão, e já não existem" com data de 16 de março de 1802 (f. [79-80])$a"Perda em Fabricas estabelecidas por Conta da Corôa & C[ompanhi]a extinctas, ou transmittidas a particulares" (f. [81-82])$aIntegra uma compilação de documentos, na sua maioria dirigidos a Rodrigo de Sousa Coutinho (1º Conde de Linhares), relativos a fábricas de salitre, ferro, papel, cordoaria, lanifícios, estamparia, tecidos e biscoito
700 #1 $aVerdier,$bTimóteo Lecussan,$f1752-1831$357459
702 #1 $aCoutinho,$bRodrigo de Sousa,$f1745-1812$4660$3130524
722 ## $aLinhares, Condes de$4390$3104643
801 #0 $aPT$bBN$gRPC
966 ## $lBN$mMICROF$sF.R. 762
966 ## $lBN$mRESMAN$nR. 17119$sCOD. 610//13

Etiqueta de registo: 02420nbm 2200469 450
001 2111028
003 http://id.bnportugal.gov.pt/bib/catbnp/2111028
100 ## $a20220927f17901810k y0pory01030103ba
101 0# $apor
102 ## $aPT
105 ## $ay z 000yy
106 ## $ah
200 1# $a [ Documentos na sua maioria dirigidos a Rodrigo de Sousa Coutinho, 1º Conde de Linhares, relativos a fábricas de salitre, ferro, papel, cordoaria, lanifícios, estamparia, tecidos e biscoito]$bManuscrito]
210 #1 $d[1790-1810]
215 ## $a[II, 122] f.$d37 cm
300 ## $aOriginal e cópias
307 ## $aFolhas em branco: [1a], [7], [11], [15], [20-21], [25], [27-28], [30], [32], [38], [48], [59-60], [65-66], [77-78], [80], [87-88], [99], [101-102], [104], [109], [117]
307 ## $aFolhas de diversa proveniência, forma e dimensão, algumas dobradas
307 ## $aMau estado: folhas soltas; papel manchado e acidificado
307 ## $aEncadernação, intervencionada, em papel castanho, sobre pastas de cartão
317 ## $aAdquirido no leilão da livraria dos Condes de Linhares
321 1# $aSobre a proveniência cfr.: Catálogo da... livraria dos... condes de Linhares que será vendida em leilão.... - Lisboa : Imp. de Libanio da Silva, 1895. P. 197, n. 99
321 1# $aDescrição em: Inventario. Secção XIII - Manuscriptos / [José António Moniz]. - Lisboa : BN, 1896
327 11 $aÍndice, em letra posterior (f. [I-II])
701 #1 $aBarbosa,$bAntónio da Rocha,$dfl. 18--$4070$31753419
701 #1 $aGama,$bManuel Jacinto Nogueira da,$f1765-1847$4070$3196923
701 #1 $aFeijó,$bJoão da Silva,$f1760-1824$4070$327392
701 #1 $aMichelotti,$bGiuseppe Teresio,$f1762 -1819$4070$3788729
701 #1 $aVerdier,$bTimóteo Lecussan,$f1752-1831$4070$357459
701 #0 $aCordeiro,$bFelisberto Inácio Januário,$f1774-1855$4070$3628743
702 #1 $aCoutinho,$bRodrigo de Sousa,$f1745-1812$4660$3130524
722 ## $aLinhares, Condes de$4390$3104643
801 #0 $aPT$bBN$gRPC
856 40 $uhttps://purl.pt/48002
856 41 $uhttps://purl.pt/48002/service/media/cover/low
856 49 $uhttps://purl.pt/48002/service/media/pdf$qapplication/pdf
958 ## $aBND$bLivre$cDigitalizado$d1$ehttps://purl.pt/48002/service/media/cover/max
966 ## $lBN$mMICROF$sF.R. 762
966 ## $lBN$mRESMAN$sCOD. 610
971 ## $cplambin$d20220927
972 ## $e0$z0$d20221220$vanacris
995 ## $aPRR2022 $d20231115$idfontes$zBND

Etiqueta de registo: 00578nbm 2200181 450
001 2160315
003 http://id.bnportugal.gov.pt/bib/catbnp/2160315
005 202402071437
035 ## $aPT7000-00-00-2024020714370249961
100 ## $a20210718j17941855k y0pory0103 ba
101 0# $apor
102 ## $aPT
106 ## $ah
200 1# $a [ Composições poéticas de autores portugueses e brasileiros dos séculos XVIII e XIX e textos sobre os mesmos ou por eles traduzidos]$bManuscrito]
210 #9 $aLisboa;$aCintra,$d1794-1855
215 ## $a[253] f.$d33 cm
300 ## $aOriginais autógrafos assinados e cópias
305 ## $aParcialmente publ. por David Mourão-Ferreira - "Classicismo e modernidade de Correia Garção". Colóquio/Letras. Lisboa. N. 168/169 (Jul. 2004), p. 295-303
307 ## $aPartes do texto riscadas e sublinhadas; correcções interlineares ou redigidas em pequenas tiras de papel coladas sobre o texto inicial; notas marginais e de rodapé
307 ## $aNumeração corrente, a lápis
307 ## $aManchado pela tinta ferrogálica e humidade
317 ## $aBiblioteca da Manizola, pertencente a D. José Bernardo de Barahona Fragoso Cordovil da Gama Lobo, 2.º Visconde da Esperança
327 11 $aTextos biográficos, cartas e artigos de publicações periódicas sobre os autores, pricipalmente, Luís de Camões ("O Ramalhete", n. 68 (1839); "O Panorama", (1837)) e Filinto Elíseo (incluindo a sua tradução da obra de Voltaire: "Virginidos : poema em 21 cantos"
518 1# $aVirginidos : poema em 21 cantos
518 1# $aQualquer homem como eu tem quatro avós
518 1# $aVida de Luís de Camões
518 1# $aEra alta noite e as beiras do telhado
518 1# $aA teus pés fundador da monarquia
518 1# $aAraucana nação mais venturosa
518 1# $aInvectiva contra os maus poetas
518 1# $aDe um novo frenesi hoje enlouquece
518 1# $aCançoneta
518 1# $aA despedida
518 1# $aTutinegra cantando nessa ermida
518 1# $aAs duas estações ou os desvarios da razão
701 #0 $aVoltaire,$cpseud.$4070$326677
701 #1 $aFerreira,$bFrancisco Leitão,$f1667-1735$4070$334417
701 #0 $aJazente,$cAbade de,$f1719-1789$4070$343274
701 #1 $aCamões,$bLuís de,$f1524-1580$4070$310642
701 #1 $aBotelho,$bSebastião Xavier,$f1768-1840$4070$3115253
701 #1 $aFrança,$bLuis Paulino de Oliveira Pinto da,$f1771-1824$4070$3266802
701 #1 $aVerdier,$bTimóteo Lecussan,$f1752-1831$4070$357459
701 #1 $aGarção,$bCorreia,$f1724-1771$4070$330165
701 #1 $aAzedo,$bMatias José Dias,$f1758-1821$4070$380487
701 #1 $aElísio,$bFilinto,$cpseud.$4070$4730$3872130
702 #1 $aEsperança,$b2º Visconde da,$f1841-1925$4390$31660557
801 #0 $aPT$bBN$gRPC
966 ## $lBN$mBPE$sBPE Man. 614
976 ## $d20240717$ripires

Etiqueta de registo: 00000nbm 2200025 450
001 2190851
003 http://id.bnportugal.gov.pt/bib/catbnp/2190851
100 ## $a20241014d1807----k y0pory01030103ba
101 0# $apor
102 ## $aPT
105 ## $a z 000yy
106 ## $ah
200 1# $a [ Carta de Dom Rodrigo de Sousa Coutinho a Timóteo Lecussan Verdier, a respeito de assuntos particulares]$bManuscrito]
210 #1 $aQuinta da Lagoalva,$d3 de Abril de 1807
215 ## $a[1] f.$d23 cm
300 ## $aOriginal
700 #1 $aCoutinho,$bRodrigo de Sousa,$f1745-1812$3130524
702 #1 $aVerdier,$bTimóteo Lecussan,$f1752-1831$357459
801 #0 $aPT$bBN$gRPC
966 ## $lBN$mRESMAN$sMSS. 219, n. 53b
971 ## $d2024PRRMSS

Etiqueta de registo: 00254nbm 2200025 450
001 2283802
003 http://id.bnportugal.gov.pt/bib/catbnp/2283802
100 ## $a20260407f1816 k y0pory01030103ba
101 0# $apor$aesp$afre$aeng
102 ## $aPT
105 ## $ay z 000yy
106 ## $ah
200 1# $a [ Documentos referentes a assuntos económicos, diplomáticos, eclesiásticos e judiciais, entre outros, relativos aos séculos XVII, XVIII e XIX]$bManuscrito]
210 #1 $d[Depois de 1816]
215 ## $a221 f., enc.$d36 cm
300 ## $aCópias e originais
304 ## $aIntegra um conjunto de 3 códices com o título "Mescellanea", com características e tipologias semelhantes (COD. 6939-COD. 6941)
304 ## $aTexto em português, espanhol, francês e inglês
307 ## $aMuito mau estado: alguns f. deteriorados na margem inferior direita; manchado pela ação da tinta ferrogálica, encadernação solta
307 ## $aEncadernação, intervencionada, em pastas de cartão revestida a papel marmoreado; lombada e cantos em pele castanha gravada a ouro; título a ouro sobre rótulo preto
316 ## $aCota antiga: U-5-19
327 11 $aEntre outros: "Memoria sobre o estabelecimento do Erario Regio, sua organização e estado actual" datada de Lisboa, 1 de Dezembro de 1807 ([f. 1-5])$a"Mappa das Rendas de Portugal, ao qual se segue a exposição de cada huma, e forma da sua arrecadação" ([f. 6-37])$a"Notas sobre o projecto de cunhar huma nova moeda de bronze, com o valor representativo igual ao intrinseco" ([f. 38-40])$aCartas de Florêncio José Correia de Mello a Cipriano Ribeiro Freire, e ao Conde do Funchal, sobre assuntos referentes à Real Fazenda, datadas de 1815 e 1816 (f. 42-51])$a"Pregões dos quatro degolados em 29 de Agosto de 1641" refere-se aos conjurados: Marquês de Vila Real (Dom Luís de Noronha), Duque de Caminha ( Dom Miguel de Noronha), Conde de Armamar (Rui de Matos da Nevoa) e Dom Agostinho Manuel; inclui desenho à pena com a representação da execução e descrição do local ([f. 56-57])$a"Copia da Carta qua a Rainha N[oss] S[enho]ra mandou ao Excelentíssimo Bispo de Coimbra", "escrita no Palácio de Queluz em 7 de Julho de 1777" ([f. 58])$a"Discurso Apologético sobre hua Pastoral, q[ue] o Il[ustríssi]mo Bispo de Pistoya, do Duc[a]do de Florença, fez publicar no seu Bisp[a]do, oppondo-se ao novo culto do ... coração de Jezus; cuja noticia, e paragrafos da d[it]a Pastoral se achão incertos no Mercurio Historico do mez de Abril do prez[ent]e anno de 1782, impresso em Madrid, e traduz[i]dos nesta reposta, feita por J. E. da S. G. Presbitero Secular" ([f. 59-63])$aCertidão de "Juan del Bustos" e outros documentos referentes à fragata Cantábria, que saiu de Montevideo em 30 de Agosto, com destino à Corunha, e que naufragou no dia 11 de Outubro de 1802 ([f. 64-71])$aRequerimento de Francisco Paliart sobre situação de Timóteo Lecussan Verdier e a Real Fábrica de Fiação de Tomar ([f. 84-85])$a"Resposta a Fran[cis]co Palyart em nome de Tinotheo Lécussan Verdier provando a falsidade do seu req[uerimen]to" ([f.86-90])$a"Respuesta que dio el Doctôr Salazar a Filipe 2. d'Espana, siendo consultado sobre las cosas de Portugal." ([f. 93-94])$a"Carta de Francisco de Pina e Mello, ao S[enh]or da Trofa", datada de Montemor o Velho 22 de Maio de 1728 ([f. 95-97])$aCarta de Josef Felipe Nuñez, Capitão do bergantim português Santa Ana, datada de 3 de Abril de 1803, relatando a viagem desde a partida do Rio de Janeiro, com destino a Lisboa e escala na Ilha do Faial ([f.102-106])$a"Aviso de Roma, sobre certos judeus portuguese, q[ue] p[ar]a lá foram fugidos" ([f. 107])$a"Copie de la Depeche du Marques de Pombal à l' Ambassadeur du roi Tresfidelle à ... de Madrid -du 4 Decembre 1775" ([f. 127-128])$a"Entrada dos grãos em Portugal ou Terreiro." (1744-1791) ([f. 129-161])$a"Memorias relativas à Russia" (1773-1787) ([f.162-$aRequerimento de Henrique Fernando Wagner sobre apoio na resolução da sua situação económica ([f. 208-210])$a"Tratado de Paz perpetua, Amizade, e Commercio entre Portugal e a Porta Ottomana" ([f.211-219])$aDois impressos catalogados individualmente ([f. 52-53])
516 1# $aMiscelânea
701 #1 $aMelo,$bFlorêncio José Correia de,$f1755-1822$4070$3447640
701 #1 $aFreire,$bCipriano Ribeiro,$f1749-1824$4070$3101699
701 #1 $aVerdier,$bTimóteo Lecussan,$f1752-1831$4070$357459
711 01 $aPortugal.$bRainha,$f1777-1815 (Maria I)$4070$3284866
801 #0 $aPT$bBN$gRPC
966 ## $lBN$mRESMAN$sCOD. 6939
971 ## $cmrosario$d20260410

Etiqueta de registo: 00254nbm 2200025 450
001 2284344
003 http://id.bnportugal.gov.pt/bib/catbnp/2284344
100 ## $a20260414f1823 k y0pory01030103ba
101 0# $apor$afre$aeng
102 ## $aPT
105 ## $ay z 000yy
106 ## $ah
200 1# $a [ Documentos relativos a política interna e externa de Portugal, incluindo os domínios ultramarinos, no século XVIII e XIX]$bManuscrito]
210 #1 $d[1823]
215 ## $a[160] f., enc.$d36 cm
300 ## $aCópias e originais; alguns doc. assinados e com selo de chapa (f. [38 e 39])
304 ## $aTexto em português, inglês e francês
304 ## $aIntegra um conjunto de 4 códices com o título "Mescellanea", com características e tipologias semelhantes (COD. 6934-COD. 6937)
306 ## $aDatação estabelecida com base na marca de água
307 ## $aFolhas soltas; encadernação solta; alguns fragmentos de papel colados ([f. 84 v.])
307 ## $aManchado pela acção da tinta ferrogálica e humidade
307 ## $aEncadernação, intervencionada, em pastas de cartão revestida a papel marmoreado; lombada e cantos em pele castanha gravada a ouro; título a ouro sobre rótulo preto
316 ## $aCota antiga: U-5-16
327 11 $aEntre outros: "Governo Civil das Provincias." ([f. 1-8])$a"Mappa das Nações, e dos Portos de q[ue] vierão os Navios q[ue] entrarão em o Porto de L[i]x[bo]a em o anno de 1794", (inclui também os mapas de 1795 a 1798 e 1805) ([f. 9-31])$aCarta do Conde das Galveias justificando as "intrigas e perfidas" que lhe foram imputadas. Lisboa, 23 de Abril de 1810 ([f. 32-34])$aCertificação pelo Conselheiro Provedor, e Deputados da Junta do Comércio em como Cipriano Ribeiro Freire, foi admitido e matriculado na "aula do comercio no dia 15 de Fevereiro de 1771. Lisboa, 3 de Março de 1774 ([f. 38])$aNomeação por parte do Conselheiro Provedor, e Deputados da Junta do Comércio, de Ciprinao Ribeiro Freire para "praticante da aula do Comércio". Lisboa, 7 de Janeiro de 1771 ([f. 39])$a"Ordres de de Mr. le marquis de Lavradio vice Roi du Brazil, pour le Liieutenent general Bohom, comendent [sic] en chef des troupes a Rio Grande: Dattees de Rio de Janeiro, Le [troisiè]me Avril 1776" ([f. 42])$a"Estado substanciado dos cabedais q[ue] tem emtrado na R[e]al Fábricas [sic] das sedas e sua anexas" desde 1757 a 1776 ([f. 43-46])$a"Demonstração da Receita e Despeza do Real Erario no ano de 1810" ([f. 50-51])$a"Orçamento das Rendas e Despezas do Real Erario de Portugal para o Anno de 1811" ([f. 52])$a"Mappa das despezas da Real Fazenda do Reino de Portugal, feitas no anno de 1810" ([f. 53])$a" Copie d'une note envoyee par les patriotes Espagnoles a Paris, au Directoire Executif de la Republique Helvetique l' annee 1798 et enregistreé dans ses Archives secrets." ([f. 54-57])$aRelatório e mapa referente ao "Estado Geral das Florestas nas Provincias do Norte, e das Plantações, e sementeiras em 1802, e 1803", assinado pelo 2º Visconde de Balsemão ([f. 62-64])$a"Folha do que rende o Reyno, e despeza delle deste anno presente de 557", com a certificação "Esta comforme ao original" do 2º Visconde de Balsemão, a 7 de Outubro de 1810 ([f. 65-67])$a"Receita e Despeza do Erario de Portugal, no primeiro semestre do anno de 1812" ([f. 72])$aRequerimentos de Timóteo Lecussan Verdier ao rei para "levantar o sequestro" da Real Fábrica de Tomar ([f. 75 -80])$a"Mappas da entrada em geral dos Vinhos em Inglaterra, e producto dos seus Direitos; e particularmente da importação dos de Portugal, e Madeira, na Grande Bretanha, e Irlanda desde o anno de 1675 até o de 1770" ([f. 81-94])$aOfício de Miguel Pereira Forjaz a Cipriano Ribeiro Freire sobre a informação que recebeu do Marechal Beresford para resolver a situação da "falta de viveres" para as suas tropas ([f. 97])$aExposição do Marechal Beresford ao Ministro Miguel Pereira Forjaz sobre as dificuldades do fornecimento de "viveres" para o exercito. 13 de Setembro de 1809 ([f. 98-100])$a"Extrato de hum officio do Secretari da Junta de Direcção G[er]al dos Provimentos de Boca p[ar]a o Exercito, Alexandre António das Neves datado de 19 de Agosto de 1809" ([f. 101-102])$a"Oração da Abertura q[ue] em 15 de Fevereiro de 1771. se fez o 4º Curso da Aula do Comercio" ([f. 103-104])$a"Estado do Comercio entre Portugal e Hamburgo calculado segundo os 3 ultimos annos 86, 87, 88." ([f. 113])$a"Copie de l' office de My Lord Grenville à Monsieur de Nagell." ([f. 114])$a"Noticia de alguns factos sucedidos nos postos, e costas dos Dominios de Portugal depois da ultima declaração de guerra da Grande Bertanha contra os Espanhois" ([f. 117-120])$a"Mappa das Importaçoens que entráram na Bahia de todos os Santos no anno de 1799, vindas de Portugal, Feitorias da Costa D' Africa, e pórtos do Brazil" ([f. 122-126])$a"Mappa dos Nascimentos, Cazamentos e Mortes dos Indios domesticos da Capitanoa do Maranhão, no anno de 1798." ([f. 137-138])$a"Mappa dos Cazamentos annuaes, Nascimentos, e mortes, na Capitania do Maranhão, no anno de 1798," ([f. 139-140])$a"Mappa Comparativo das Producçoens da Capitania do Maranhão, com especificação do que se consumio na mesma, e della se exportou, no anno de 1798."([f. 141-142])$a"Mappa dos Habitantes que existem na Capitania do Maranhão, no anno de 1798." ([f. 143-144])$a"Memoria sobre os Govêrnos e Capitanias Geraes dos Dominios Ultramarinos Portugueses; e de todos os Govêrnos, Capitanias Móres, e Sargenterias Móres subalternas e dependentes dos Govêrnos e Capitanias Geraes, em Africa, Oceano Atlantico, Asia, e America." ([f. 145-147])
516 ## $aMiscelânea
701 #0 $aBalsemão,$c2º Visconde de,$f1774-1832$4070$31113841
701 #1 $aCastro,$bJoão de Almeida de Melo e,$f1756-1814$4070$31753458
701 #1 $aVerdier,$bTimóteo Lecussan,$f1752-1831$4070$357459
701 #1 $aForjaz,$bMiguel Pereira,$f1769-1827$4070$31271840
701 #1 $aBeresford,$bWilliam Carr,$f1768-1854$4070$391091
702 #1 $aFreire,$bCipriano Ribeiro,$f1749-1824$4660$3101699
801 #0 $aPT$bBN$gRPC
966 ## $lBN$mRESMAN$sCOD. 6936
971 ## $cmrosario$d20260415

OpendataBNP@bnportugal.pt | Mais informação sobre acesso aos dados BNP